BIBLIOTECA “JULIO CORTÁZAR”
ESCUELA AGROTÉCNICA “LIBERTADOR GENERAL SAN MARTÍN” - UNR – CASILDA

Logo Escuela Logo UNR

Los Elementos Climáticos y los cultivos / (Record no. 468)

MARC details
000 -LEADER
campo de control de longitud fija 00966nam#a22003615a#4500
001 - NÚMERO DE CONTROL
campo de control 468
008 - DATOS DE LONGITUD FIJA--INFORMACIÓN GENERAL
campo de control de longitud fija 061201s1945####ag#a###f#e####001#0#spa#d
080 ## - NÚMERO DE LA CLASIFICACIÓN DECIMAL UNIVERSAL
Número de la Clasificación Decimal Universal 551:631
084 ## - OTRO NÚMERO DE CLASIFICACIÓN
Número de clasificación D27
040 ## - FUENTE DE CATALOGACIÓN
Centro catalogador/agencia de origen AR-ClEAG
Centro/agencia transcriptor AR-ClEAG
005 - FECHA Y HORA DE LA ÚLTIMA TRANSACCIÓN
campo de control 20241107184636.0
003 - IDENTIFICADOR DE NÚMERO DE CONTROL
campo de control AR-ClEAG
100 1# - ENTRADA PRINCIPAL--NOMBRE DE PERSONA
Nombre de persona Fina, Armando L. de.
245 10 - MENCIÓN DEL TÍTULO
Título Los Elementos Climáticos y los cultivos /
Mención de responsabilidad, etc. Armando L. de Fina.
250 ## - MENCION DE EDICION
Mención de edición 1ª ed.
260 ## - PUBLICACIÓN, DISTRIBUCIÓN, ETC.
Lugar de publicación, distribución, etc. Buenos Aires :
Nombre del editor, distribuidor, etc. Sudamericana,
Fecha de publicación, distribución, etc. 1945.
300 ## - DESCRIPCIÓN FÍSICA
Extensión 258 p. :
Otras características físicas il., graf. ;
Dimensiones 18 cm.
490 0# - MENCIÓN DE SERIE
Mención de serie Enciclopedia Agropecuaria Argentina
653 ## - TÉRMINO DE INDIZACIÓN--NO CONTROLADO
Término no controlado Meteorología
653 ## - TÉRMINO DE INDIZACIÓN--NO CONTROLADO
Término no controlado Climatología
653 ## - TÉRMINO DE INDIZACIÓN--NO CONTROLADO
Término no controlado Atmósfera
653 ## - TÉRMINO DE INDIZACIÓN--NO CONTROLADO
Término no controlado Radiación Solar
653 ## - TÉRMINO DE INDIZACIÓN--NO CONTROLADO
Término no controlado Termometros
653 ## - TÉRMINO DE INDIZACIÓN--NO CONTROLADO
Término no controlado Presión Atmosférica
653 ## - TÉRMINO DE INDIZACIÓN--NO CONTROLADO
Término no controlado Vientos
653 ## - TÉRMINO DE INDIZACIÓN--NO CONTROLADO
Término no controlado Humedad Admosférica
653 ## - TÉRMINO DE INDIZACIÓN--NO CONTROLADO
Término no controlado Evaporación
653 ## - TÉRMINO DE INDIZACIÓN--NO CONTROLADO
Término no controlado Condiciones isobáricas.
653 ## - TÉRMINO DE INDIZACIÓN--NO CONTROLADO
Término no controlado Fotoperiodismo
653 ## - TÉRMINO DE INDIZACIÓN--NO CONTROLADO
Término no controlado Vernalización
653 ## - TÉRMINO DE INDIZACIÓN--NO CONTROLADO
Término no controlado Vegetales
942 ## - ELEMENTOS DE ENTRADA SECUNDARIOS (KOHA)
Tipo de ítem Koha Libros
980 ## - EQUIVALENCIA O REFERENCIA-CRUZADA-MENCIÓN DE SERIE--NOMBRE DE PERSONA/TÍTULO [LOCAL, CANADÁ]
Enlace 2
Nombre de persona Evangelina Gallicchio
Enlace entre campo y número de secuencia 2
Información miscelánea Evangelina Gallicchio
Holdings
Estatus retirado Estado de pérdida Fuente del sistema de clasificación o colocación Estado de daño No para préstamo Biblioteca de origen Biblioteca actual Ubicación en estantería Fecha de adquisición Número de inventario Total de préstamos Signatura topográfica completa Código de barras Visto por última vez Precio de reemplazo Tipo de ítem Koha
    Clasificación decimal universal     Julio Cortázar Julio Cortázar   07/11/2024 2045   R18 551:631 D27 1 Ej.1 2045 07/11/2024 07/11/2024 Libros
    Clasificación decimal universal     Julio Cortázar Julio Cortázar   07/11/2024 2044   R18 551:631 D27 2 Ej.2 2044 07/11/2024 07/11/2024 Libros

Contacto

Biblioteca Julio Cortázar. Escuela Agrotécnica "Libertador San Martín". Universidad Nacional de Rosario
Dirección: Ov. Lagos 1000 - 2170 Casilda - Santa Fe - Argentina
Tel: (54) (03464) 422226.
Fax: (54) (03464) 427789.
E-Mail: biblio-eac@unr.edu.ar